Geography Quiz

Random Geography or Blitz Quiz

300 Largest US MSA's Within 100 Miles BLITZ Quiz Stats

Quiz not verified by Sporcle

Challenge
Share
Tweet
NOTES - 26 MSA's are not within 100 miles of another, marked with a "*"...I used the coordinates for the largest city of the MSA as the MSA's coordinate. Definition of MSA according to the US OMB: The OMB defines a Metropolitan Statistical Area as one or more adjacent counties or county equivalents that have at least one urban core area of at least 50,000 population, plus adjacent territory that has a high degree of social and economic integration with the core as measured by commuting ties.
Score 0/300 Timer 10:00
0 Plays Today
MSA % Correct
Kingston
99.1%
Poughkeepsie
99.1%
New Haven
99%
Bridgeport
99%
Detroit
98.9%
Manchester
98.9%
Monroe (MI)
98.9%
Toledo
98.9%
Philadelphia
98.8%
Vineland
98.8%
Elkhart
98.8%
Columbus (GA-AL)
98.7%
Allentown
98.7%
Jackson (MI)
98.7%
Lansing
98.7%
Ann Arbor
98.6%
Canton
98.6%
Flint
98.6%
Macon
98.6%
Trenton
98.6%
Springfield (MA)
98.6%
New York
98.6%
Cincinnati
98.5%
Hartford
98.5%
Warner Robins
98.5%
Saginaw
98.5%
Holland
98.4%
Hattiesburg
98.4%
York
98.3%
Baltimore
98.3%
Boston
98.3%
Providence
98.3%
Worcester
98.3%
Battle Creek
98.2%
Cleveland
98.2%
Atlanta
98.2%
Norwich
98.2%
Dover
98.1%
Harrisburg
98.1%
Lancaster
98.1%
Rockford
98.1%
Wheeling
98.1%
Atlantic City
98.1%
Janesville
98.1%
Kalamazoo
98.1%
Milwaukee
98.1%
Racine
98.1%
Fort Wayne
98%
Modesto
97.9%
Riverside
97.9%
Fayetteville (NC)
97.9%
Grand Rapids
97.9%
Washington
97.9%
Los Angeles
97.8%
Stockton
97.8%
Alexandria
97.8%
Athens
97.8%
Napa
97.8%
Sacramento
97.8%
San Francisco
97.8%
San Jose
97.8%
Vallejo
97.8%
Waco
97.7%
South Bend
97.7%
Bakersfield
97.6%
College Station
97.6%
Burlington (NC)
97.6%
Greensboro
97.6%
Anderson (IN)
97.6%
Chicago
97.5%
Niles
97.5%
Ocala
97.5%
Santa Barbara
97.5%
Rocky Mount
97.5%
Youngstown
97.5%
Greenville (NC)
97.4%
Oxnard
97.4%
Florence (SC)
97.4%
Dothan
97.3%
Columbus (OH)
97.3%
Dayton
97.3%
Gainesville (GA)
97.3%
Springfield (OH)
97.3%
Winston-Salem
97.3%
Springfield (IL)
97.1%
Akron
97%
Indianapolis
97%
Santa Rosa
97%
Albany (GA)
96.9%
Dalton
96.9%
Charlotte
96.7%
Santa Cruz
96.7%
Reading
96.6%
Bloomington (IN)
96.6%
Salinas
96.6%
Richmond
96.5%
Columbia (SC)
96.5%
Hagerstown
96.5%
Montgomery
96.2%
Spartanburg
96.2%
MSA % Correct
Tyler
96.2%
Pascagoula
96.2%
Austin
96.2%
Salem
96%
Pittsfield
96%
St. Louis
96%
Jackson (MS)
95.9%
Portland (ME)
95.9%
Winchester
95.9%
Dallas
95.8%
Louisville
95.8%
Charlottesville
95.7%
Jacksonville (NC)
95.7%
Wilmington
95.7%
Lakeland
95.6%
Portland (OR)
95.6%
Prescott
95.6%
Orlando
95.6%
Auburn
95.5%
Greenville (SC)
95.4%
Bremerton
95.3%
Seattle
95.3%
Tampa
95.3%
Durham
95.2%
Albany (NY)
95.2%
Eau Claire
95.1%
Minneapolis
95%
New Orleans
95%
Parkersburg
95%
Rochester (MN)
95%
Raleigh
94.9%
Barnstable Town
94.9%
Hickory
94.8%
Houston
94.8%
Fayetteville (AR)
94.8%
Lexington
94.8%
Olympia
94.8%
Beaumont
94.7%
Gulfport
94.7%
Baton Rouge
94.6%
Houma
94.6%
Yuba City
94.6%
Gainesville (FL)
94.4%
Erie
94.4%
Lafayette (IN)
94.3%
San Antonio
94.2%
Bellingham
94.1%
Phoenix
94.1%
Glens Falls
94%
Boulder
94%
Denver
94%
Colorado Springs
93.9%
Jacksonville (FL)
93.9%
Oshkosh
93.9%
Terre Haute
93.9%
Pittsburgh
93.8%
Miami*
93.8%
San Diego
93.7%
Madison
93.6%
Appleton
93.5%
Clarksville
93.5%
Buffalo
93.4%
Fort Collins
93.2%
Greeley
93.2%
El Centro
93%
Rochester (NY)
92.9%
Lebanon
92.8%
Lynchburg
92.8%
Kansas City
92.5%
Muskegon
92.5%
St. Joseph
92.5%
Topeka
92.5%
Augusta
91.9%
Nashville
91.9%
Deltona
91.9%
Birmingham
91.7%
Huntsville
91.4%
Merced
91.2%
Madera
91.1%
Valdosta
91%
Tallahassee
90.9%
Killeen
90.1%
Palm Bay
89.7%
Sebastian
89.7%
Cape Coral
89.6%
North Port
89.6%
Punta Gorda
89.6%
Las Vegas*
89.3%
Myrtle Beach
89.3%
Champaign
89.3%
Johnstown
89%
Charleston (SC)
89%
Chattanooga
88.9%
Peoria
88.7%
Albuquerque
88.6%
Santa Fe
88.6%
Utica
88.6%
Tuscaloosa
88.5%
Memphis*
88.3%
Anderson (SC)
87.8%
MSA % Correct
Asheville
87.8%
Joplin
87.7%
Springfield (MO)
87.7%
Sioux City
87.6%
Morgantown
87.5%
Port St. Lucie
87.4%
Omaha
87.4%
Syracuse
86.8%
Decatur
86.4%
St. Cloud
86.4%
Virginia Beach
86.4%
Bloomington (IL)
86%
Boise*
85.9%
Tulsa
85.9%
Mobile
85.9%
El Paso
85.8%
Las Cruces
85.8%
Knoxville
85.5%
Hanford
85.5%
Savannah
85.4%
Waterloo
85.4%
Visalia
85.1%
Lincoln
85%
Ogden
85%
Provo
85%
Salt Lake City
85%
Honolulu*
84.6%
Oklahoma City*
84.5%
Chico
84.5%
Crestview
83.5%
Roanoke
83.4%
Johnson City
83.1%
Charleston (WV)
83%
Huntington
83%
Pensacola
82.9%
Anchorage*
82.8%
Kingsport
82.8%
Blacksburg
82.7%
Des Moines
81.8%
Morristown
81.8%
Fresno
81.4%
Binghamton
81%
Columbia (MO)
81%
Jefferson City
81%
Little Rock*
80.8%
Reno
80.5%
Lafayette (LA)
80.2%
Tucson*
80%
Panama City
79.4%
Eugene
78.4%
Scranton
78.1%
La Crosse
74.6%
Wichita*
73.8%
Fargo*
72.5%
Coeur d'Alene
72.4%
Spokane
72.4%
San Luis Obispo
72.2%
Wausau
72%
Sioux Falls
71.9%
Davenport
70%
Green Bay
69.8%
Bend
68.7%
Longview
68.5%
Shreveport
68.5%
Cedar Rapids
66.9%
Iowa City
66.9%
Pueblo
66.5%
Texarkana
65.7%
Billings*
64.8%
Evansville
63.9%
Florence (AL)
62.2%
Lake Charles
61.9%
Fort Smith
60.8%
Amarillo*
60.7%
State College
59.9%
Burlington (VT)
59.3%
Lubbock*
59.2%
Brownsville
56.6%
McAllen
56.6%
Corpus Christi*
56.4%
Duluth*
55.2%
Flagstaff
52.5%
Naples
52.5%
Redding
50.6%
Laredo*
50.2%
Yuma
49.3%
Yakima
47.6%
Midland
44.1%
Odessa
44.1%
Abilene*
43.7%
Monroe (LA)*
38.5%
Kennewick
34.5%
Wichita Falls*
34.3%
Bangor*
33.9%
Idaho Falls*
28%
St. George*
27.7%
Grand Junction*
26.5%
Medford*
25.8%
Lake Havasu City*
19.8%
Farmington*
17.2%

You're not logged in!

Compare scores with friends on all Sporcle quizzes.
Join for Free
OR
Log In

You Might Also Like...

Show Comments

Extras

Top Quizzes Today


Score Distribution

Your Account Isn't Verified!

In order to create a playlist on Sporcle, you need to verify the email address you used during registration. Go to your Sporcle Settings to finish the process.

Report this User

Report this user for behavior that violates our Community Guidelines.

Details: